| 000 | 00558nam a2200217 a 4500 | ||
|---|---|---|---|
| 005 | 20230602063718.0 | ||
| 008 | 010508s1991 mx r 000 0 spa d | ||
| 020 | _a968163599X | ||
| 035 | _aUPN01000106190 | ||
| 049 | _aCG | ||
| 050 | 4 |
_aPQ7297 F9.8 _bC3.5 |
|
| 100 | 1 |
_aFuentes, Carlos, _d1928-2012 |
|
| 245 | 1 | 3 |
_aLa campaña / _cCarlos Fuentes. |
| 260 |
_aMéxico _bFCE _c1991 |
||
| 300 | _a260 p. | ||
| 440 | 0 | _aColección tierra firme | |
| 650 | 4 |
_aNovela mexicana _94557 |
|
| 901 | _a168022/168023/168024 | ||
| 902 | _aBDV/tgg | ||
| 905 | _aLibro | ||
| 999 |
_c80103 _d80103 |
||